| 000 | 01558nam a2200409 a 4500 | ||
|---|---|---|---|
| 001 | ebr10491954 | ||
| 003 | CaPaEBR | ||
| 006 | m u | ||
| 007 | cr cn||||||||| | ||
| 008 | 840706s1985 paua sb 001 0 eng d | ||
| 010 | _z 84015276 | ||
| 020 | _z0812279360 | ||
| 020 | _z0812213076 (paper) | ||
| 020 | _z9780812213072 | ||
| 020 | _z9780812200898 (e-book) | ||
| 040 |
_aCaPaEBR _cCaPaEBR |
||
| 035 | _a(OCoLC)759158214 | ||
| 050 | 1 | 4 |
_aGT3520 _b.J34 1985eb |
| 082 | 0 | 4 |
_a940.1 _219 |
| 100 | 1 | _aJaeger, C. Stephen. | |
| 245 | 1 | 4 |
_aThe origins of courtliness _h[electronic resource] : _bcivilizing trends and the formation of courtly ideals, 939-1210 / _cC. Stephen Jaeger. |
| 260 |
_aPhiladelphia : _bUniversity of Pennsylvania Press, _cc1985. |
||
| 300 |
_axiv, 326 p. : _bill. |
||
| 490 | 1 | _aThe Middle Ages | |
| 500 | _aSecond paperback printing 1991. | ||
| 504 | _aIncludes bibliographical references (p. [297]-315) and index. | ||
| 505 | 0 | _apt. 1. Courts and courtiers -- pt. 2. Courtesy. | |
| 533 |
_aElectronic reproduction. _bPalo Alto, Calif. : _cebrary, _d2011. _nAvailable via World Wide Web. _nAccess may be limited to ebrary affiliated libraries. |
||
| 650 | 0 | _aCourts and courtiers. | |
| 650 | 0 | _aCourtly love. | |
| 650 | 0 | _aChivalry. | |
| 650 | 0 | _aCivilization, Medieval. | |
| 655 | 7 |
_aElectronic books. _2local |
|
| 710 | 2 | _aebrary, Inc. | |
| 830 | 0 | _aMiddle Ages. | |
| 856 | 4 | 0 |
_uhttp://site.ebrary.com/lib/rucke/Doc?id=10491954 _zAn electronic book accessible through the World Wide Web; click to view |
| 999 |
_c126291 _d126291 |
||